<?xml version="1.0" encoding="UTF-8"?>
<marc:record xmlns:marc="http://www.loc.gov/MARC21/slim">
   <marc:leader>00000nam a2200000 a 4500</marc:leader>
   <marc:datafield ind1=" " ind2=" " tag="653">
      <marc:subfield code="a">Elektrizität</marc:subfield>
   </marc:datafield>
   <marc:datafield ind1=" " ind2=" " tag="653">
      <marc:subfield code="a">Was ist was?</marc:subfield>
   </marc:datafield>
   <marc:datafield ind1=" " ind2=" " tag="653">
      <marc:subfield code="a">Strom</marc:subfield>
   </marc:datafield>
   <marc:datafield ind1=" " ind2=" " tag="653">
      <marc:subfield code="a">Wissen</marc:subfield>
   </marc:datafield>
   <marc:datafield ind1=" " ind2=" " tag="653">
      <marc:subfield code="a">Wissen für Kinder</marc:subfield>
   </marc:datafield>
   <marc:datafield ind1=" " ind2=" " tag="653">
      <marc:subfield code="a">Kindersachbuch</marc:subfield>
   </marc:datafield>
   <marc:datafield ind1=" " ind2=" " tag="653">
      <marc:subfield code="a">Stromerzeugung</marc:subfield>
   </marc:datafield>
   <marc:datafield ind1="0" ind2="0" tag="245">
      <marc:subfield code="a">Elektrizität</marc:subfield>
   </marc:datafield>
   <marc:datafield ind1="0" ind2="0" tag="245">
      <marc:subfield code="b">Megavolt und Supraleiter</marc:subfield>
   </marc:datafield>
   <marc:datafield ind1="0" ind2="0" tag="245">
      <marc:subfield code="c">Laura Hennemann</marc:subfield>
   </marc:datafield>
   <marc:datafield ind1=" " ind2="1" tag="264">
      <marc:subfield code="a">Nürnberg</marc:subfield>
      <marc:subfield code="b">Tessloff</marc:subfield>
      <marc:subfield code="c">2013</marc:subfield>
   </marc:datafield>
   <marc:datafield ind1="1" ind2=" " tag="490">
      <marc:subfield code="a">Was ist was?</marc:subfield>
   </marc:datafield>
   <marc:datafield ind1="1" ind2=" " tag="520">
      <marc:subfield code="a">Ausgehend von der Erfindung der Glühlampe folgt eine spannende Einführung darüber, wie Elektrizität unseren Alltag vereinfacht, wie sie auch in der Natur vorkommt und wie ihre Zukunft aussehen könnte. Es geht also vor allem darum, wie Strom in Kraftwerken gemacht wird und dann in unsere Häuser kommt; was der Unterschied zwischen Strom und Spannung ist und auch welche rohe Elektrizität in einem Blitz herrscht. Der vorliegende Band aus der "Was-ist-was"-Reihe, einer von 30 der 133 Reihentitel, die mit aufgefrischtem Cover und ohne die Frageüberschriften neu aufgelegt wurden, gleichzeitig eine komplette Neufassung, überzeugt mit vielen anschaulichen Bildern und weiterführenden Informationen - Angeberwissen genannt. Gegenüber der Auflage von 2001 fallen die Abschnitte über die Geschichte der Entdeckungen schmaler aus und eine stärkere Gewichtung zum Energiesparen auf, wobei auch hier die einzelnen Kapitel jeweils immer nur eine Doppelseite einnehmen. Neben etwa H. Bo&amp;amp;#x0308;etius: "Geschichte der Elektrizität"  wieder bevorzugt anzuschaffen. Ab 10</marc:subfield>
   </marc:datafield>
   <marc:datafield ind1=" " ind2=" " tag="020">
      <marc:subfield code="a">9783788620516</marc:subfield>
      <marc:subfield code="9">9783788620516</marc:subfield>
   </marc:datafield>
   <marc:datafield ind1=" " ind2=" " tag="041">
      <marc:subfield code="a">ger</marc:subfield>
   </marc:datafield>
   <marc:datafield ind1=" " ind2=" " tag="300">
      <marc:subfield code="a">48 S.</marc:subfield>
   </marc:datafield>
</marc:record>
